000 02426cam a22005894i 4500
003 PE-LiUPU
005 20250731170444.0
008 150625s r 000 0 d
020 _a9682426863
035 _a(Sirsi) i9789682426865
040 _aPE-LiUPU
_bspa
_cPE-LiUPU
_erda
049 _aPRUA
082 0 4 _a153.152
_bA
_221
245 0 0 _aAprendizaje basado en problemas :
_bde la teoría a la práctica /
_cMónica Porres Hernández .. [et al.].
264 1 _aMéxico :
_bTrillas,
_c2005.
300 _a221 páginas ;
_c23 centímetros
336 _atext
_2rdacontent
337 _aunmediated
_2rdamedia
338 _avolume
_2rdacarrier
504 _aIncluye bibliografía.
505 0 _aLa construcción de un modelo educativo. -Fundamentos de la técnica didáctica ABP. -La guía tutorial an ABP. -El diseño de escenarios en ABP. -Del escenario desestructurado a la definción de objetivos. -La investigación en la técnica didáctica ABP. -Una visión de los roles en una actividad ABP. -El trabajo colaborativo en la técnica ABP. -El uso de la tecnología en ABP. -Estrategias para un buen manejo del tiempo. -Aprendizaje basado en problemas: un reto para la evaluación. -Consideraciones éticas en la aplicación de ABP. -Ventajas y desventajas de ABP: a modo de final.
526 _aSEG68
526 _aSEG70
526 _aSEG69
526 _aSEG67
526 _aSEG43
526 _aP144
526 _aP143
526 _aP131
526 _aP122
526 _aP120
526 _aP117
526 _aP112
526 _aP110
526 _aP106
526 _aP101
526 _aP80
526 _aP59
526 _aP54
526 _aP35
526 _aP33
526 _aP30
541 _g001-0029256;
650 1 4 _aPsicología del aprendizaje.
_9227
650 2 4 _aSolución de problemas.
700 1 _aPorres Hernández, Mónica,
_eautor.
942 _2ddc
_cBOOK
949 _a153.152 A
_wDEWEY
_c1
_i59192
_d2016-5-9
_e2016-5-9
_lCCODEBUL1
_mBUL
_n1
_p13.00
_r0
_sY
_tBOOK
_u2015-6-25
_xEDUCACION
_PP07
_0COMPRA
_o.STAFF. Colección General
994 _aC0
_bPEPRU
596 _a1
999 _a153.152 A
_wDEWEY
_c48002
_i59192
_d48002
_e2016-5-9
_f2021-11-8
_g5
_lCCODEBUL1
_mBUL
_n1
_p13.00
_r0
_sY
_tBOOK
_u2015-6-25
_xEDUCACION
_PP07
_0COMPRA
_o.STAFF. Colección General
980 _81
_gALBERTO SANCHEZ Responsable de Automatización